[Event "SVK-ch Rapid"]
[Site "Podbanske"]
[Date "2023.10.01"]
[Round "8"]
[White "Hagarova, Zuzana"]
[Black "Singliar, Anton"]
[Result "1-0"]
[WhiteElo "2290"]
[BlackElo "1961"]
[PlyCount "67"]
[EventDate "2023.09.30"]
[EventType "tourn (rapid)"]
[EventRounds "10"]
[EventCountry "SVK"]
[SourceTitle "EXT 2024"]
[Source "ChessBase"]
[SourceDate "2023.10.10"]
[SourceVersion "1"]
[SourceVersionDate "2023.10.10"]
[SourceQuality "1"]

1. e4 e6 2. d4 d5 3. e5 c5 4. Nf3 Qb6 5. Bd3 Bd7 6. 0-0 cxd4 7. Nbd2 Nc6 8. Nb3 Nge7 9. Bf4 Ng6 10. Bg3 a5 11. a4 Be7 12. h4 Nf8 13. h5 h6 14. Qe2 Rc8 15. Bb5 Nh7 16. Rfd1 0-0 17. Bf4 f5 18. exf6 Bxf6 19. Bxc6 bxc6 20. Bd6 Rfe8 21. Nc5 Qa7 22. Ne5 Bxe5 23. Qxe5 Nf6 24. Rxd4 Ra8 25. Ra3 Bc8 26. Rg3 Qf7 27. Rf4 Kh7 28. Rg6 Ra7 29. Rf3 Rg8 30. Qe3 Kh8 31. Be5 Qf8 32. Bxf6 gxf6 33. Rfxf6 Rf7 34. Rxh6+ 1-0

[Event "SVK-chT2C 2122"]
[Site "Slovakia"]
[Date "2022.02.12"]
[Round "7.4"]
[White "Valuska, Jan"]
[Black "Singliar, Anton"]
[Result "1/2-1/2"]
[WhiteElo "1915"]
[BlackElo "2036"]
[PlyCount "70"]
[EventDate "2021.10.16"]
[EventType "team-tourn"]
[EventRounds "11"]
[EventCountry "SVK"]
[SourceTitle "EXT 2023"]
[Source "ChessBase"]
[SourceDate "2022.10.05"]
[SourceVersion "1"]
[SourceVersionDate "2022.10.05"]
[SourceQuality "1"]
[WhiteTeam "Detva"]
[BlackTeam "Bziny"]
[WhiteTeamCountry "SVK"]
[BlackTeamCountry "SVK"]

1. e4 e5 2. Nf3 Nc6 3. Bb5 a6 4. Bxc6 bxc6 5. Nxe5 Qg5 6. Nf3 Qxg2 7. Rg1 Qh3 8. Rg3 Qh5 9. Rg5 Qh3 10. Rg3 Qe6 11. Nc3 Bb7 12. Nd4 Qe5 13. Nf3 Qe7 14. Qe2 0-0-0 15. d3 f6 16. Nd4 Qf7 17. Nb3 Bd6 18. Rg2 Ne7 19. Na5 Rhe8 20. Nxb7 Kxb7 21. Be3 Bb4 22. a3 Bxc3+ 23. bxc3 Ra8 24. Qg4 Ng6 25. h4 Re5 26. f4 f5 27. Qg3 Re7 28. e5 d6 29. Rb1+ Kc8 30. exd6 cxd6 31. Kd2 Rc7 32. Qg5 Nf8 33. Re2 Ne6 34. Qg2 Qd7 35. Rb6 d5 1/2-1/2

[Event "SVK-chT2C 1819"]
[Site "Slovakia"]
[Date "2018.11.17"]
[Round "3.5"]
[White "Tropp, Frantisek"]
[Black "Singliar, Anton"]
[Result "1/2-1/2"]
[WhiteElo "2088"]
[BlackElo "2030"]
[PlyCount "50"]
[EventDate "2018.10.13"]
[EventType "team-tourn"]
[EventRounds "11"]
[EventCountry "SVK"]
[SourceTitle "CBM 187 Extra"]
[Source "ChessBase"]
[SourceDate "2018.11.04"]
[SourceVersion "1"]
[SourceVersionDate "2018.11.04"]
[SourceQuality "1"]
[WhiteTeam "Liptov Chess School III"]
[BlackTeam "Bziny"]
[WhiteTeamCountry "SVK"]
[BlackTeamCountry "SVK"]

1. e4 e5 2. Nf3 Nc6 3. Bb5 a6 4. Ba4 d6 5. c3 Bd7 6. d3 Nf6 7. Bg5 Be7 8. Nbd2 0-0 9. 0-0 h6 10. Be3 Ng4 11. d4 Nxe3 12. fxe3 Bf6 13. Bb3 Na5 14. Bc2 c5 15. d5 b5 16. b3 Nb7 17. h3 Qc8 18. Qe1 c4 19. b4 a5 20. a3 axb4 21. axb4 Rxa1 22. Qxa1 Qa8 23. Qb2 Qa7 24. Kf2 Ra8 25. Nb1 Qa1 1/2-1/2

[Event "SVK-chT2C 1718"]
[Site "Slovakia"]
[Date "2018.03.17"]
[Round "10.3"]
[White "Matejov, Jaroslav"]
[Black "Singliar, Anton"]
[Result "1-0"]
[WhiteElo "2042"]
[BlackElo "2038"]
[PlyCount "47"]
[EventDate "2017.10.28"]
[EventType "team-tourn"]
[EventRounds "11"]
[EventCountry "SVK"]
[SourceTitle "EXT 2020"]
[Source "ChessBase"]
[SourceDate "2019.10.17"]
[SourceVersion "1"]
[SourceVersionDate "2019.10.17"]
[SourceQuality "1"]
[WhiteTeam "Zilina Mladost II"]
[BlackTeam "Bziny"]
[WhiteTeamCountry "SVK"]
[BlackTeamCountry "SVK"]

1. e4 e5 2. Nf3 Nc6 3. d4 exd4 4. Nxd4 Bc5 5. Be3 Qf6 6. c3 Nge7 7. Bc4 Ne5 8. Bb3 Qg6 9. 0-0 d6 10. f3 0-0 11. Qe2 a6 12. Nd2 Kh8 13. Kh1 Qh5 14. g4 Qh4 15. Rg1 N7g6 16. Rg3 Qd8 17. Rag1 Ba7 18. f4 Nc6 19. N2f3 Nxd4 20. cxd4 Qe8 21. Bc2 Bd7 22. f5 Ne7 23. Rh3 Ng8 24. Qf2 1-0

[Event "SVK-chT2C 1617"]
[Site "Slovakia"]
[Date "2017.02.11"]
[Round "8.6"]
[White "Singliar, Anton"]
[Black "Sankova, Stella"]
[Result "1/2-1/2"]
[WhiteElo "2016"]
[BlackElo "1872"]
[PlyCount "21"]
[EventDate "2016.10.08"]
[EventType "team-tourn"]
[EventRounds "11"]
[EventCountry "SVK"]
[SourceTitle "EXT 2018"]
[Source "ChessBase"]
[SourceDate "2017.10.13"]
[SourceVersion "1"]
[SourceVersionDate "2017.10.13"]
[SourceQuality "1"]
[WhiteTeam "Dolny Kubin"]
[BlackTeam "Banska Bystrica Veza"]
[WhiteTeamCountry "SVK"]
[BlackTeamCountry "SVK"]

1. d4 d5 2. Nf3 Bf5 3. c4 c6 4. Nc3 e6 5. cxd5 exd5 6. Bf4 Nf6 7. e3 Be7 8. Bd3 Bxd3 9. Qxd3 0-0 10. 0-0 Nbd7 11. Rfd1 1/2-1/2

[Event "SVK-chT2C 1617"]
[Site "Slovakia"]
[Date "2017.01.21"]
[Round "7.7"]
[White "Singliar, Anton"]
[Black "Kolesar, Peter"]
[Result "1/2-1/2"]
[WhiteElo "2016"]
[BlackElo "1970"]
[PlyCount "143"]
[EventDate "2016.10.08"]
[EventType "team-tourn"]
[EventRounds "11"]
[EventCountry "SVK"]
[SourceTitle "EXT 2018"]
[Source "ChessBase"]
[SourceDate "2017.10.13"]
[SourceVersion "1"]
[SourceVersionDate "2017.10.13"]
[SourceQuality "1"]
[WhiteTeam "Dolny Kubin"]
[BlackTeam "Podbrezova ZP Sport"]
[WhiteTeamCountry "SVK"]
[BlackTeamCountry "SVK"]

1. e4 e5 2. Nf3 Nc6 3. Bb5 a6 4. Bxc6 dxc6 5. Nc3 Bc5 6. d3 Qd6 7. Be3 Bxe3 8. fxe3 Ne7 9. Qe2 Bg4 10. h3 Bxf3 11. Qxf3 Qe6 12. 0-0-0 0-0-0 13. Rdf1 f6 14. h4 Rhf8 15. Qh3 Qxh3 16. Rxh3 Kd7 17. Kd2 Ke6 18. Ke2 h5 19. Nb1 c5 20. Nd2 Rg8 21. Rf2 Nc6 22. a3 Rb8 23. Rh1 Ne7 24. Rhf1 a5 25. a4 b6 26. b3 Rbd8 27. Rh1 Nc6 28. Nf3 Rd7 29. Kd2 Rgd8 30. Kc3 Ne7 31. Rg1 Rh8 32. Rh1 Rdd8 33. Rh3 Rdg8 34. Rg3 g6 35. Rf1 Rh7 36. Kd2 Rhg7 37. Rh1 Nc8 38. Rgh3 Nd6 39. Rf1 Rd8 40. Kc3 Ke7 41. Rhh1 Rgg8 42. Rh3 Nf7 43. Rf2 f5 44. Rg3 Rdf8 45. Ng5 Nxg5 46. Rxg5 Ke6 47. Rf3 f4 48. Kd2 fxe3+ 49. Kxe3 Rxf3+ 50. gxf3 c6 51. Rg1 Kf6 52. f4 Re8 53. Rf1 exf4+ 54. Rxf4+ Ke6 55. c3 Rg8 56. d4 cxd4+ 57. cxd4 g5 58. hxg5 Rxg5 59. e5 Kd5 60. Rf6 Rg3+ 61. Kf2 Rxb3 62. Rd6+ Ke4 63. e6 Rf3+ 64. Kg2 Rf8 65. Rxc6 Kxd4 66. Rxb6 Re8 67. Rb5 Rxe6 68. Rxa5 Rh6 69. Kh3 Kc4 70. Rg5 Kb4 71. a5 Ra6 72. Rxh5 1/2-1/2

[Event "SVK-chT2C 1617"]
[Site "Slovakia"]
[Date "2016.12.04"]
[Round "6.8"]
[White "Singliar, Anton"]
[Black "Holly, Andrej"]
[Result "1-0"]
[WhiteElo "2016"]
[BlackElo "1675"]
[PlyCount "101"]
[EventDate "2016.10.08"]
[EventType "team-tourn"]
[EventRounds "11"]
[EventCountry "SVK"]
[SourceTitle "EXT 2018"]
[Source "ChessBase"]
[SourceDate "2017.10.13"]
[SourceVersion "1"]
[SourceVersionDate "2017.10.13"]
[SourceQuality "1"]
[WhiteTeam "Dolny Kubin"]
[BlackTeam "Liptov Chess School III"]
[WhiteTeamCountry "SVK"]
[BlackTeamCountry "SVK"]

1. d4 Nf6 2. c4 g6 3. Nc3 Bg7 4. Bg5 0-0 5. e3 d6 6. Nf3 Nbd7 7. Be2 c6 8. Qc2 Qc7 9. h3 e5 10. Bh4 b6 11. Bg3 Bb7 12. 0-0 a6 13. b4 c5 14. bxc5 bxc5 15. dxe5 Nxe5 16. Nxe5 dxe5 17. e4 Rad8 18. Nd5 Nxd5 19. cxd5 f5 20. f3 Bh6 21. Bc4 Qd6 22. Qc3 f4 23. Bf2 Rc8 24. Rfb1 Rc7 25. Qa5 Rff7 26. Rb6 Qd7 27. d6 Rc6 28. Rxc6 Bxc6 29. Qc7 Bb5 30. Qxd7 Bxd7 31. Bxc5 Kf8 32. Bxf7 Kxf7 33. Rb1 Bb5 34. Rb4 Ke6 35. a4 Bd7 36. Rb6 Bxa4 37. Rxa6 Bd7 38. Ra8 Bg7 39. Kf2 Bc6 40. Rb8 Bf6 41. Ke2 g5 42. Kd3 h5 43. Kc4 g4 44. hxg4 hxg4 45. Rg8 gxf3 46. gxf3 Kf7 47. Rc8 Bd7 48. Rc7 Ke6 49. Rxd7 Kxd7 50. Kd5 Bg7 51. Ba3 1-0

[Event "SVK-chT2C 1516"]
[Site "Slovakia"]
[Date "2016.03.12"]
[Round "10.3"]
[White "Halak, Miklos"]
[Black "Singliar, Anton"]
[Result "1/2-1/2"]
[WhiteElo "2244"]
[BlackElo "2007"]
[PlyCount "54"]
[EventDate "2015.10.17"]
[EventType "team-tourn"]
[EventRounds "11"]
[EventCountry "SVK"]
[SourceTitle "EXT 2017"]
[Source "ChessBase"]
[SourceDate "2016.10.25"]
[SourceVersion "1"]
[SourceVersionDate "2016.10.25"]
[SourceQuality "1"]
[WhiteTeam "Cebovce"]
[BlackTeam "Dolny Kubin"]
[WhiteTeamCountry "SVK"]
[BlackTeamCountry "SVK"]

1. e4 e5 2. Nf3 Nc6 3. Nc3 g6 4. d4 exd4 5. Nxd4 Bg7 6. Be3 Nf6 7. Nxc6 bxc6 8. e5 Ng8 9. f4 d5 10. Be2 h5 11. 0-0 Ne7 12. Bc5 Bf5 13. Bf3 Be6 14. Ne2 Nf5 15. Nd4 Nxd4 16. Qxd4 Qb8 17. Rad1 Bf8 18. Kh1 Bxc5 19. Qxc5 Qb6 20. Qa3 a5 21. Rd3 Qb4 22. Rfd1 0-0 23. Qc3 Qxf4 24. Qxc6 Qxe5 25. Bxd5 Bxd5 26. Rxd5 Qxb2 27. a4 Qb6 1/2-1/2

[Event "SVK-chT2C 1516"]
[Site "Slovakia"]
[Date "2015.11.08"]
[Round "4.5"]
[White "Singliar, Anton"]
[Black "Miciak, Maros"]
[Result "0-1"]
[WhiteElo "2007"]
[BlackElo "2141"]
[PlyCount "61"]
[EventDate "2015.10.17"]
[EventType "team-tourn"]
[EventRounds "11"]
[EventCountry "SVK"]
[SourceTitle "CBM 169 Extra"]
[Source "ChessBase"]
[SourceDate "2015.12.18"]
[SourceVersion "1"]
[SourceVersionDate "2015.12.18"]
[SourceQuality "1"]
[WhiteTeam "Dolny Kubin"]
[BlackTeam "Kysucke Nove Mesto"]
[WhiteTeamCountry "SVK"]
[BlackTeamCountry "SVK"]

1. d4 g6 2. e4 Bg7 3. Nc3 c5 4. Nf3 cxd4 5. Nxd4 d6 6. Be3 Nf6 7. Be2 a6 8. a4 0-0 9. 0-0 e5 10. Nb3 Be6 11. a5 Nc6 12. Bb6 Qd7 13. Qd2 Ne7 14. Rfd1 d5 15. exd5 Nexd5 16. Nc5 Qe7 17. Nxe6 fxe6 18. Bf3 e4 19. Nxe4 Nxe4 20. Bxe4 Nxb6 21. axb6 Bxb2 22. Rab1 Be5 23. Qd7 Bxh2+ 24. Kf1 Qf6 25. Bf3 Rf7 26. Qd4 Be5 27. Qe4 a5 28. Rb5 Bc3 29. Rd6 Bb4 30. Rd1 h5 31. Re5 0-1

[Event "SVK-chT1E 1314"]
[Site "Slovakia"]
[Date "2014.03.22"]
[Round "10.6"]
[White "Singliar, Anton"]
[Black "Trgina, Daniel"]
[Result "1/2-1/2"]
[WhiteElo "2112"]
[BlackElo "2129"]
[PlyCount "185"]
[EventDate "2013.10.12"]
[EventType "team-tourn"]
[EventRounds "11"]
[EventCountry "SVK"]
[SourceTitle "EXT 2015"]
[Source "ChessBase"]
[SourceDate "2014.11.20"]
[SourceVersion "1"]
[SourceVersionDate "2014.11.20"]
[SourceQuality "1"]
[WhiteTeam "Dolny Kubin"]
[BlackTeam "Banska Bystrica TH"]
[WhiteTeamCountry "SVK"]
[BlackTeamCountry "SVK"]

1. e4 c5 2. Nf3 g6 3. c4 Nc6 4. d4 cxd4 5. Nxd4 Bg7 6. Be3 Nf6 7. Nc3 d6 8. Be2 0-0 9. 0-0 Nxd4 10. Bxd4 Bd7 11. Qd2 Bc6 12. f3 a5 13. b3 Nd7 14. Bxg7 Kxg7 15. Qd4+ Kg8 16. Rac1 Qb6 17. Qxb6 Nxb6 18. Rfd1 Nd7 19. Nd5 Bxd5 20. Rxd5 Rfc8 21. Rb5 Ra7 22. Rd1 Rc5 23. Rd5 Rxb5 24. Rxb5 b6 25. Kf2 e6 26. Ke3 Rc7 27. f4 Rc5 28. Rxc5 bxc5 29. g3 Kf8 30. Bf3 Ke7 31. h4 Kd8 32. h5 e5 33. hxg6 hxg6 34. Bg4 Nb8 35. f5 Ke7 36. fxg6 fxg6 37. Bd1 Kf6 38. Kd2 Kg5 39. Ke3 Nc6 40. Kd2 Nb4 41. a3 Nc6 42. Kd3 Nb8 43. Ke3 Nd7 44. Kd2 Nb6 45. Kd3 Nd7 46. Kd2 Nf6 47. Ke3 Kh6 48. Be2 Kg7 49. Bd1 Kf7 50. a4 Kg7 51. Be2 Kh6 52. Bd1 Kg5 53. Be2 Nh5 54. Kf3 Kh6 55. Bd1 Ng7 56. Ke3 Ne6 57. Kf3 Kg5 58. Kf2 Nd4 59. Ke3 Nc6 60. Kd3 Kf6 61. Kd2 Nb4 62. Bf3 Kg5 63. Bd1 Na2 64. Bf3 Kh6 65. Bd1 Nb4 66. Ke3 Nc6 67. Be2 Ne7 68. Bd1 Ng8 69. Be2 Nf6 70. Bd1 g5 71. Be2 Kg6 72. Bd1 Kf7 73. Be2 Ke7 74. Bd1 Kd7 75. Be2 Kc7 76. Bd1 Kb6 77. Be2 Ne8 78. Kf3 Nf6 79. Ke3 Kc7 80. Kd3 Kc6 81. Ke3 Kb6 82. Kd3 d5 83. cxd5 c4+ 84. bxc4 Kc5 85. Ke3 Kb4 86. Bd1 Kxc4 87. Be2+ Kb4 88. Bb5 Kc5 89. Kf3 Kd6 90. Bc6 Kc5 91. Bb5 Kd6 92. Bf1 Kc5 93. Bb5 1/2-1/2

[Event "SVK-chT1E 1314"]
[Site "Slovakia"]
[Date "2014.02.02"]
[Round "7.4"]
[White "Brhel, Jan"]
[Black "Singliar, Anton"]
[Result "0-1"]
[WhiteElo "2109"]
[BlackElo "2112"]
[PlyCount "116"]
[EventDate "2013.10.12"]
[EventType "team-tourn"]
[EventRounds "11"]
[EventCountry "SVK"]
[SourceTitle "EXT 2015"]
[Source "ChessBase"]
[SourceDate "2014.11.20"]
[SourceVersion "1"]
[SourceVersionDate "2014.11.20"]
[SourceQuality "1"]
[WhiteTeam "Kysucke Nove Mesto"]
[BlackTeam "Dolny Kubin"]
[WhiteTeamCountry "SVK"]
[BlackTeamCountry "SVK"]

1. d4 d5 2. c4 Bf5 3. Nc3 e6 4. Nf3 c6 5. Qb3 Qb6 6. Bf4 Nd7 7. c5 Qxb3 8. axb3 a6 9. e3 Be7 10. b4 Rc8 11. Kd2 Ngf6 12. Bd3 Bxd3 13. Kxd3 0-0 14. h3 Rfd8 15. Nd2 Nf8 16. Na4 N6d7 17. Nb3 Ng6 18. Bh2 e5 19. Na5 Rb8 20. g4 f6 21. f4 Re8 22. g5 Bd8 23. gxf6 gxf6 24. f5 Ne7 25. Rhg1+ Kf7 26. Raf1 Bc7 27. Kd2 Rg8 28. Rg4 h5 29. Rxg8 Rxg8 30. Rf2 Bxa5 31. bxa5 Rg5 32. dxe5 Nxe5 33. e4 dxe4 34. Bxe5 fxe5 35. Ke3 Rxf5 36. Rxf5+ Nxf5+ 37. Kxe4 Ke6 38. Nb6 Nd4 39. b4 Nc2 40. Nc4 Nxb4 41. Nxe5 Nd5 42. Ng6 Nf6+ 43. Kf4 Nd7 44. Kg5 Nxc5 45. Nf4+ Kf7 46. Nxh5 Nb3 47. Nf6 Nxa5 48. Kf5 Nc4 49. Ne4 a5 50. Nc3 b5 51. Ke4 Nb6 52. Kd4 Nd7 53. Ne4 a4 54. Kc3 Kg6 55. Kb4 Kh5 56. Nd6 Kh4 57. Nf5+ Kxh3 58. Ne7 Nb8 0-1

[Event "SVK-chT1E 1314"]
[Site "Slovakia"]
[Date "2013.11.16"]
[Round "3.5"]
[White "Singliar, Anton"]
[Black "Koval, Anton"]
[Result "1/2-1/2"]
[WhiteElo "2112"]
[BlackElo "2180"]
[PlyCount "79"]
[EventDate "2013.10.12"]
[EventType "team-tourn"]
[EventRounds "11"]
[EventCountry "SVK"]
[SourceTitle "EXT 2015"]
[Source "ChessBase"]
[SourceDate "2014.11.20"]
[SourceVersion "1"]
[SourceVersionDate "2014.11.20"]
[SourceQuality "1"]
[WhiteTeam "Dolny Kubin"]
[BlackTeam "Bardejov"]
[WhiteTeamCountry "SVK"]
[BlackTeamCountry "SVK"]

1. e4 c5 2. Nf3 e6 3. d4 cxd4 4. Nxd4 a6 5. Nc3 Qc7 6. Bd3 Nf6 7. 0-0 Be7 8. Qe2 d6 9. a4 b6 10. f4 Nbd7 11. Be3 Bb7 12. Rae1 h5 13. h3 Nc5 14. Bf2 Nxd3 15. cxd3 Nd7 16. Rc1 Qd8 17. f5 e5 18. Nf3 Bf6 19. Rc2 Rc8 20. Rfc1 0-0 21. Nd2 g6 22. fxg6 fxg6 23. Be3 Kh7 24. Nf3 Nc5 25. b4 Nb3 26. Rb1 Nd4 27. Bxd4 exd4 28. Nd5 Bxd5 29. exd5 Re8 30. Qd2 Rc3 31. Rxc3 dxc3 32. Qc2 Re3 33. Kf2 Re7 34. Re1 Rxe1 35. Kxe1 Qe8+ 36. Kd1 Qe3 37. Qe2 Qf4 38. Qe4 Qg3 39. Qe2 Qf4 40. Qe4 1/2-1/2